[Event "Challenge"]
[Site "http://www.queenalice.com/game.php?id=145747"]
[Date "2006.12.24"]
[Round "-"]
[White "Bluemofia"]
[Black "eductx"]
[Result "0-1"]
[WhiteElo "1653"]
[BlackElo "1894"]

1. e4 e5 2. Nf3 Nf6 3. Nc3 Nc6 4. Bc4 Bc5 5. O-O d6 6. d3 Bg4 7. h3 Bh5 8. Nd5
Nd4 9. Bg5 a5 10. Bxf6 Nxf3+ 11. gxf3 gxf6 12. Kh2 c6 13. Nc3 b5 14. Nxb5 cxb5
15. Bxb5+ Kf8 16. Rg1 Bxf2 17. Rg2 Qb6 18. c4 Qe3 0-1

[Event "Challenge"]
[Site "http://www.queenalice.com/game.php?id=146683"]
[Date "2006.12.26"]
[Round "-"]
[White "reginaldox"]
[Black "Bluemofia"]
[Result "1-0"]
[WhiteElo "1750"]
[BlackElo "1701"]

1. e4 e5 2. Nf3 d6 3. Bc4 Bg4 4. d3 Be7 5. Be3 Nc6 6. Nbd2 h6 7. O-O Nf6 8. c3
O-O 9. Qc2 Bxf3 10. Nxf3 d5 11. exd5 Nxd5 12. Rad1 Nxe3 13. fxe3 Bf6 14. d4 exd4
15. Nxd4 Nxd4 16. exd4 Qd6 17. Qf5 Rae8 18. Bd3 g6 19. Qxf6 Qxf6 20. Rxf6 Re7
21. Rdf1 Kg7 22. R6f3 a6 23. Bc4 f5 24. h3 b5 25. Bb3 c6 26. g4 h5 27. gxf5 gxf5
28. Rxf5 Rxf5 29. Rxf5 Re1+ 30. Kf2 Re7 31. Rxh5 Kg6 32. Rc5 Rc7 33. Kg3 Kh6 34.
Kh2 a5 35. Bd5 Kg5 36. Bxc6+ Kf4 37. Bxb5 Rb7 38. c4 Ke4 39. Bc6+ Kxd4 40. Bxb7
Kxc5 41. Bd5 Kd4 42. Kg3 a4 43. h4 Kd3 44. Kg4 Kc2 45. c5 1-0

[Event "Challenge"]
[Site "http://www.queenalice.com/game.php?id=147321"]
[Date "2006.12.28"]
[Round "-"]
[White "maykel"]
[Black "Bluemofia"]
[Result "1-0"]
[WhiteElo "1802"]
[BlackElo "1717"]

1. e4 e5 2. Nf3 d6 3. d4 f6 4. Nc3 Bg4 5. Be2 Be7 6. dxe5 fxe5 7. Bc4 Nc6 8.
Bxg8 Rxg8 9. Qd5 Rf8 10. Be3 Bxf3 11. gxf3 Qd7 12. O-O-O O-O-O 13. f4 exf4 14.
Bd4 Nxd4 15. Qxd4 b6 16. Qxg7 f3 17. Rhg1 Rg8 18. Qxg8 Rxg8 19. Rxg8+ Kb7 20.
Rg7 h6 21. Kb1 Qe6 22. Rd3 Qf6 23. Rg3 Qh4 24. Rdxf3 Qxh2 25. b3 h5 26. Rf7 Bd8
27. Rgf3 h4 28. Kb2 h3 29. Rh7 Bf6 30. Rxf6 Qg2 31. Rxd6 h2 32. Rdd7 h1=Q 33.
Rxc7+ Kb8 34. Rxh1 Qxh1 35. Rf7 Qh8 36. b4 a6 37. Rf5 Kb7 38. f4 Qh7 39. Rf6 Qe7
40. Rxb6+ Ka7 41. f5 Qe5 42. Re6 Qg7 43. f6 Qf8 44. Nd5 Kb7 45. e5 Kc8 46. Re7
Kd8 47. f7 Qxe7 48. Nxe7 Kxe7 49. e6 1-0

[Event "Challenge"]
[Site "http://www.queenalice.com/game.php?id=148101"]
[Date "2006.12.30"]
[Round "-"]
[White "Bluemofia"]
[Black "spawnwolfwolverine"]
[Result "1-0"]
[WhiteElo "1689"]
[BlackElo "1701"]

1. e4 e6 2. Nc3 d6 3. d4 c6 4. Nf3 g6 5. Bd3 Bh6 6. Bxh6 Nxh6 7. O-O O-O 8. e5
dxe5 9. Nxe5 Nd7 10. Nxd7 Bxd7 11. Qd2 g5 12. Qe3 Nf5 13. Bxf5 exf5 14. d5 f4
15. Qe4 f5 16. Qd3 g4 17. f3 h5 18. dxc6 Bxc6 19. Qxd8 Raxd8 20. fxg4 fxg4 21.
Rad1 Rxd1 22. Nxd1 h4 23. c4 f3 24. gxf3 Rxf3 25. Rxf3 Bxf3 26. Nf2 g3 27. hxg3
hxg3 28. Nh3 Kg7 29. Kf1 Kg6 30. Ng1 Be4 31. Ke2 Kf5 32. Ke3 a5 33. a3 Bc6 34.
b4 axb4 35. axb4 Kg4 36. b5 Bh1 37. c5 Bg2 38. Ne2 Kh3 39. Kf4 Bf1 40. Nxg3 Bxb5
41. Nf5 Ba4 42. Nd6 b5 43. c6 b4 44. c7 Bd7 45. Nc4 Kg2 46. Ke3 Kf1 47. Kd2 Kf2
48. Kc2 Kf3 49. Kb3 Ke4 50. Nb6 Bh3 51. Kxb4 Ke5 52. Kc5 Bg4 53. Kc6 Kd4 54. Nd7
Bxd7+ 55. Kxd7 Kd5 56. c8=Q Ke5 57. Qe8+ Kd5 58. Qe6+ Kd4 59. Qf5 Ke3 60. Qg4
Kd3 61. Kc6 Ke3 62. Kd5 Kd3 63. Qd4+ Ke2 64. Qc3 Kd1 65. Qb2 Ke1 66. Ke4 Kd1 67.
Ke3 Ke1 68. Qe2# 1-0

[Event "Challenge"]
[Site "http://www.queenalice.com/game.php?id=148102"]
[Date "2006.12.30"]
[Round "-"]
[White "spawnwolfwolverine"]
[Black "Bluemofia"]
[Result "0-1"]
[WhiteElo "1648"]
[BlackElo "1695"]

1. e3 e5 2. d3 d5 3. c3 Nf6 4. Nf3 Nc6 5. Be2 Bd6 6. O-O O-O 7. Ng5 Bf5 8. Bh5
g6 9. Be2 e4 10. dxe4 dxe4 11. Nd2 Qe7 12. Bg4 Bxg4 13. f3 exf3 14. Ngxf3 Qxe3+
15. Kh1 Bxf3 16. Rxf3 Qe5 17. Nc4 Qxh2# 0-1

[Event "Challenge"]
[Site "http://www.queenalice.com/game.php?id=149310"]
[Date "2007.1.2"]
[Round "-"]
[White "lolothebest"]
[Black "Bluemofia"]
[Result "0-1"]
[WhiteElo "1468"]
[BlackElo "1720"]

1. e4 e5 2. d4 Bd6 3. d5 c6 4. Qg4 g6 5. c4 Nf6 6. Qg3 Nxe4 7. Qe3 cxd5 8. cxd5
Nf6 9. Qh3 Nxd5 10. Qf3 Bb4+ 11. Nd2 Nf6 12. a3 Qa5 13. Qxf6 Rg8 14. Bc4 Rf8 15.
Nf3 d6 16. O-O Nd7 17. Qg5 Bxd2 18. Bxd2 Qc7 19. Rac1 Nc5 20. Qf6 Be6 21. Ng5
Bxc4 22. Rxc4 d5 23. Rh4 h5 24. Re1 Nd3 25. Rd1 Qc2 26. Qf3 Nxb2 27. Rf1 Qxd2
28. Nh7 Rh8 29. Nf6+ Kf8 30. Nd7+ Kg7 31. Qf6+ Kh6 32. g4 Qg5 33. f4 exf4 34.
Rxf4 Qxf6 35. Nxf6 Kg7 36. gxh5 gxh5 37. Nxd5 Nd3 38. Rf5 Rae8 39. Rg5+ Kf8 40.
Nf6 Re1+ 41. Kg2 Re3 42. Rd5 Ne1+ 43. Kf2 Re6 44. Rf4 Nc2 45. Rd8+ Kg7 46. Rxh8
Kxh8 47. Nxh5 Kg8 48. h4 Nxa3 49. Ng3 b5 50. h5 a5 51. Rh4 Rf6+ 52. Kg2 Nc2 53.
h6 Kh7 54. Rh5 Ne3+ 55. Kh3 Rxh6 0-1

[Event "Challenge"]
[Site "http://www.queenalice.com/game.php?id=151178"]
[Date "2007.1.7"]
[Round "-"]
[White "Bluemofia"]
[Black "perple"]
[Result "1-0"]
[WhiteElo "1687"]
[BlackElo "1865"]

1. e4 c5 2. Nf3 e6 3. Nc3 Nc6 4. Bb5 Nd4 5. O-O a6 6. Bd3 Ne7 7. b3 Nec6 8. Nxd4
cxd4 9. Ne2 Bc5 10. Bb2 e5 11. c3 O-O 12. b4 Bb6 13. cxd4 exd4 14. Bc4 Re8 15.
d3 d6 16. h3 Nxb4 17. Bxd4 Be6 18. Bxb6 Qxb6 19. Bxe6 fxe6 20. Rb1 Qa5 21. Qd2
Nc6 22. Qxa5 Nxa5 23. Rfc1 b5 24. a3 Rac8 25. g3 e5 26. Kf1 Nc6 27. Rc3 Nd4 28.
Rxc8 Rxc8 29. Nxd4 exd4 30. Rb4 Rc3 31. Rxd4 Rxa3 32. Rxd6 b4 33. Rb6 Rxd3 34.
Rxb4 Kf7 35. Ra4 Rd6 36. e5 Rc6 37. f4 Ke6 38. g4 g6 39. Ke2 Rc3 40. Rxa6+ Kd5
41. h4 1-0

[Event "Challenge"]
[Site "http://www.queenalice.com/game.php?id=152048"]
[Date "2007.1.9"]
[Round "-"]
[White "Chessmachado"]
[Black "Bluemofia"]
[Result "1-0"]
[WhiteElo "1738"]
[BlackElo "1746"]

1. e4 e5 2. Nf3 d6 3. d4 f6 4. dxe5 fxe5 5. Bb5+ Bd7 6. Bxd7+ Qxd7 7. c4 Nc6 8.
Be3 O-O-O 9. Nc3 a6 10. a3 Nf6 11. O-O h6 12. b4 Qe6 13. Qb3 Ng4 14. Rab1 Nxe3
15. fxe3 Be7 16. c5 Qxb3 17. Rxb3 g5 18. Nd5 dxc5 19. Nxe7+ Nxe7 20. bxc5 Nc6
21. h4 g4 22. Ne1 h5 23. Nc2 Rhf8 24. Rf5 Rxf5 25. exf5 g3 26. Ne1 Ne7 27. e4
Rg8 28. Nf3 Nc6 29. Ng5 Nd4 30. Rd3 Rd8 31. Kf1 Nc6 32. Rxd8+ Kxd8 33. Nf3 b5
34. Ke2 a5 35. Nd2 b4 36. axb4 axb4 37. Kf3 Na5 38. Kxg3 b3 39. Kf3 b2 40. g4
hxg4+ 41. Kxg4 Nc4 42. Nb1 Ke7 43. Kg5 Kf7 44. h5 Ne3 45. h6 Nxf5 46. Kxf5 c6
47. Kxe5 Kg6 48. h7 Kxh7 49. Kd6 Kg7 50. e5 Kf8 51. e6 Ke8 52. e7 Kf7 53. Kd7
Kf6 54. e8=Q Kf5 55. Kxc6 Kf4 56. Kd5 Kf3 57. c6 Kf2 58. c7 Kf3 59. c8=Q Kf4 60.
Qf7+ Ke3 61. Qc3+ Ke2 62. Qff3# 1-0

[Event "CFC rd 2"]
[Site "http://www.queenalice.com/game.php?id=155125"]
[Date "2007.1.17"]
[Round "-"]
[White "Bluemofia"]
[Black "col"]
[Result "0-1"]
[WhiteElo "1710"]
[BlackElo "1979"]

1. e4 c5 2. Bc4 g6 3. Nf3 Bg7 4. d4 cxd4 5. Nxd4 d6 6. Be3 Nf6 7. f3 Nc6 8. c3
O-O 9. Nd2 d5 10. exd5 Nxd5 11. Bxd5 Qxd5 12. N2b3 b6 13. O-O Ba6 14. Re1 Ne5
15. Qd2 Rfd8 16. Rad1 Nc4 17. Qc1 Nxe3 18. Qxe3 e5 19. Ne2 Qxd1 20. Rxd1 Rxd1+
21. Kf2 f5 22. f4 e4 23. Ned4 Rf1+ 24. Kg3 g5 25. Ne2 Rd8 26. fxg5 Rd3 27. Qxd3
Bxd3 28. Nf4 Be5 0-1

[Event "CFC Tourney: Round 2"]
[Site "http://www.queenalice.com/game.php?id=155151"]
[Date "2007.1.17"]
[Round "-"]
[White "Bluemofia"]
[Black "Tenna"]
[Result "0-1"]
[WhiteElo "1705"]
[BlackElo "1810"]

1. e4 c5 2. d4 cxd4 3. Nf3 d6 4. Nxd4 Nf6 5. Nc3 g6 6. Bb5+ Bd7 7. Bxd7+ Nbxd7
8. Be3 Bg7 9. Qe2 O-O 10. O-O Nc5 11. f3 Rc8 12. Rac1 d5 13. exd5 Nxd5 14. Nxd5
Qxd5 15. Rfd1 Qxa2 16. b3 Bxd4 17. Bxd4 Nxb3 18. Qe5 Nxd4 19. Qxd4 Rxc2 20. Rxc2
Qxc2 21. Re1 Qc7 22. Qxa7 Rc8 23. Qe3 e6 24. Qa3 Qc5+ 25. Qxc5 Rxc5 26. Rb1 b5
27. Kf2 Kf8 28. h3 Ke7 29. Ke3 Rd5 30. g3 Kd6 31. f4 f6 32. g4 e5 33. f5 Kc6 34.
fxg6 hxg6 35. h4 Rd4 36. Kf3 b4 37. h5 gxh5 38. gxh5 Rh4 39. Kg3 Rxh5 40. Rxb4
Kc5 41. Rb1 Rf5 42. Rd1 Rf4 43. Rd8 Rd4 44. Rf8 Rd6 45. Kf3 Kd4 46. Rh8 f5 47.
Rh4+ f4 48. Rg4 Rf6 49. Ke2 e4 50. Rg1 f3+ 51. Kf2 e3+ 52. Kf1 Kd3 53. Rg4 Rc6
54. Ra4 Rc1# 0-1

[Event "Challenge"]
[Site "http://www.queenalice.com/game.php?id=156930"]
[Date "2007.1.21"]
[Round "-"]
[White "Bluemofia"]
[Black "Chazam"]
[Result "1-0"]
[WhiteElo "1709"]
[BlackElo "1498"]

1. e4 e5 2. Nf3 f6 3. Bc4 Ne7 4. d4 Nec6 5. Be3 Na5 6. Na3 Nxc4 7. Nxc4 exd4 8.
Qxd4 d6 9. O-O Nc6 10. Qd3 Be6 11. b3 Nb4 12. Qe2 h6 13. c3 Bxc4 14. bxc4 Nc6
15. Nd4 Nxd4 16. cxd4 Qe7 17. Qh5+ Kd8 18. f3 a5 19. c5 Ra6 20. cxd6 Rxd6 21.
Qxa5 Qd7 22. e5 Ra6 23. Qd2 Be7 24. exf6 Rxf6 25. a4 Ke8 26. a5 Kf7 27. Qa2+ Re6
28. Qb3 Qc6 29. d5 Qa6 30. dxe6+ Kg8 31. Rfc1 c6 32. Bc5 Bxc5+ 33. Rxc5 Qa7 34.
e7+ Kh7 35. Qb6 Qb8 36. a6 Qd6 37. axb7 Qd4+ 38. Kf1 Qxa1+ 39. Ke2 Re8 40. Qc7
Qa2+ 41. Kf1 Qa6+ 42. Kf2 Qa2+ 43. Kg3 Qb1 44. Rxc6 Qg6+ 45. Rxg6 Kxg6 46. b8=Q
Rxb8 47. Qxb8 Kh7 48. e8=Q g6 49. Qf7# 1-0

[Event "Rematch"]
[Site "http://www.queenalice.com/game.php?id=157012"]
[Date "2007.1.21"]
[Round "-"]
[White "perple"]
[Black "Bluemofia"]
[Result "1-0"]
[WhiteElo "1859"]
[BlackElo "1719"]

1. d4 d5 2. c4 dxc4 3. Nf3 Nf6 4. e3 Nc6 5. Bxc4 e6 6. O-O Bd6 7. Nc3 O-O 8. e4
e5 9. d5 Ne7 10. Bg5 Nh5 11. Nxe5 Bxe5 12. Qxh5 g6 13. Qh4 f6 14. d6+ Kg7 15.
dxe7 Qxe7 16. Bh6+ Kh8 17. Bxf8 Qxf8 18. Rac1 c6 19. b3 b5 20. Bd3 Be6 21. Ne2
Rc8 22. f4 Bd6 23. Rce1 Bd7 24. g4 Qg7 25. g5 f5 26. Kh1 Be7 27. Ng3 Rf8 28. Qh3
Qc3 29. exf5 Qxd3 30. Rxe7 Qd5+ 31. Ne4 Rf7 32. Rxf7 Qxf7 33. Qc3+ Kg8 34. Nf6+
Kf8 35. Nxd7+ Ke8 36. Nf6+ Kd8 37. Rd1+ 1-0

[Event "Challenge"]
[Site "http://www.queenalice.com/game.php?id=157514"]
[Date "2007.1.22"]
[Round "-"]
[White "technicaldraw"]
[Black "Bluemofia"]
[Result "1-0"]
[WhiteElo "1989"]
[BlackElo "1693"]

1. e4 e5 2. Nf3 d6 3. d4 f6 4. Bc4 Bg4 5. c3 c6 6. Qb3 b5 7. Bxg8 Qe7 8. h3 Bxf3
9. gxf3 g6 10. Be6 exd4 11. cxd4 Nd7 12. Bxd7+ Qxd7 13. Nc3 f5 14. Be3 fxe4 15.
fxe4 a6 16. O-O-O Bg7 17. f4 O-O-O 18. e5 d5 19. Qb4 Bf8 20. Qa5 Qb7 21. Rd2 Bh6
22. Rc2 Kb8 23. a3 Rc8 24. Kb1 Rhg8 25. Rhc1 g5 26. fxg5 Bxg5 27. Bxg5 Rxg5 28.
Nxd5 Rgg8 29. Nf6 Rg7 30. d5 cxd5 31. Rxc8+ Qxc8 32. Rxc8+ Kxc8 33. Qxa6+ Kd8
34. Qd6+ Kc8 35. Qf8+ 1-0

[Event "Not CFC Tourney, not round 2"]
[Site "http://www.queenalice.com/game.php?id=161518"]
[Date "2007.1.31"]
[Round "-"]
[White "Tenna"]
[Black "Bluemofia"]
[Result "1-0"]
[WhiteElo "1826"]
[BlackElo "1717"]

1. e4 e5 2. Nf3 d6 3. d4 Nf6 4. dxe5 Nxe4 5. Qd5 Nc5 6. Bc4 Qe7 7. O-O Nc6 8.
exd6 cxd6 9. Qd1 Qc7 10. Re1+ Be7 11. Nc3 Bg4 12. Bf4 O-O 13. Nd5 Qd7 14. Nxe7+
Nxe7 15. Bxd6 b6 16. Bxe7 Qxd1 17. Raxd1 Bxf3 18. Bxf8 Bxd1 19. Bxc5 Bxc2 20.
Bb4 a5 21. Bc3 Bg6 22. Bd4 h6 23. Bxb6 Rb8 24. Bd4 a4 25. f3 Rd8 26. Bc3 Kh7 27.
Bb5 Ra8 28. Kf2 a3 29. b3 Rb8 30. Ba4 f6 31. Bd4 Rc8 32. Re2 Bd3 33. Rd2 Bb1 34.
Bb5 Bf5 35. Bd3 Bxd3 36. Rxd3 Rc2+ 37. Kg3 Rxa2 38. b4 f5 39. b5 Re2 40. Rxa3
Re7 41. b6 Rd7 42. Be3 Re7 43. Bf4 g5 44. Ra7 gxf4+ 45. Kxf4 Rxa7 46. bxa7 Kg6
47. a8=Q Kh5 48. Qe8+ Kh4 49. Kxf5 h5 50. Qe4# 1-0

[Event "Challenge"]
[Site "http://www.queenalice.com/game.php?id=163995"]
[Date "2007.2.5"]
[Round "-"]
[White "Mike36bh"]
[Black "Bluemofia"]
[Result "0-1"]
[WhiteElo "1675"]
[BlackElo "1704"]

1. d4 d5 2. Nc3 e6 3. a3 Nf6 4. Bf4 Nc6 5. e3 a6 6. Nf3 Bd6 7. Bg5 Be7 8. Bxf6
Bxf6 9. Be2 O-O 10. O-O e5 11. b4 exd4 12. exd4 Be6 13. h3 Re8 14. Bd3 Nxd4 15.
Nxd4 Bxd4 16. Qd2 Qf6 17. a4 Bxc3 0-1

[Event "Challenge"]
[Site "http://www.queenalice.com/game.php?id=169459"]
[Date "2007.2.16"]
[Round "-"]
[White "Bluemofia"]
[Black "Mike36bh"]
[Result "1-0"]
[WhiteElo "1705"]
[BlackElo "1687"]

1. e4 e5 2. Nf3 f6 3. Bc4 Ne7 4. Nc3 a6 5. d4 b5 6. Bb3 c6 7. dxe5 f5 8. Ng5 d5
9. exd6 Ng6 10. Nf7 Qd7 11. Nxh8 Nxh8 12. exf5 Bxd6 13. Be6 Qd8 14. Bxc8 Qxc8
15. Qxd6 Nf7 16. Qe6+ Qxe6+ 17. fxe6 Nd6 18. O-O b4 19. Na4 Ra7 20. Bf4 Ke7 21.
Rfe1 h6 22. Rad1 Nf5 23. Bxb8 1-0

[Event "Challenge"]
[Site "http://www.queenalice.com/game.php?id=169884"]
[Date "2007.2.17"]
[Round "-"]
[White "Bluemofia"]
[Black "perple"]
[Result "1-0"]
[WhiteElo "1726"]
[BlackElo "1815"]

1. e4 c5 2. d4 cxd4 3. Nf3 d6 4. Bb5+ Bd7 5. Bxd7+ Qxd7 6. Nxd4 e5 7. Nf3 Nf6 8.
Nc3 Be7 9. O-O O-O 10. Bg5 h6 11. Bh4 g5 12. Bg3 Qc6 13. Re1 Nbd7 14. Nd5 Nxd5
15. exd5 Qc5 16. b3 f5 17. h3 Nf6 18. c4 Ne4 19. Kh2 Nxg3 20. fxg3 g4 21. Nd4
gxh3 22. gxh3 Rae8 23. Nb5 Qf2+ 24. Kh1 Qxg3 25. Rg1 f4 26. Rxg3+ fxg3 27. Qg4+
Kh7 28. Nc7 Rf4 29. Qxg3 Rg8 30. Qd3+ e4 31. Qe3 Bg5 32. Qe2 e3 33. Ne6 Re4 34.
Qd3 1-0

[Event "Bluemofia vs. Haruka (XIII)"]
[Site "http://www.queenalice.com/game.php?id=172423"]
[Date "2007.2.22"]
[Round "-"]
[White "Bluemofia"]
[Black "Tenna"]
[Result "0-1"]
[WhiteElo "1741"]
[BlackElo "1765"]

1. e4 e6 2. d4 d5 3. e5 c5 4. Nf3 cxd4 5. Bb5+ Bd7 6. Bxd7+ Qxd7 7. Qxd4 Nc6 8.
Qa4 Nge7 9. Be3 Ng6 10. Bd4 Nxd4 11. Qxd7+ Kxd7 12. Nxd4 Nxe5 13. O-O Bc5 14.
Ne2 Rac8 15. Nbc3 Rc6 16. a3 Nc4 17. b4 Bd6 18. b5 Rb6 19. a4 a6 20. a5 Rxb5 21.
Nxb5 axb5 22. Rfb1 b4 23. c3 Rb8 24. cxb4 Nd2 25. Rd1 Nc4 26. Rab1 Ra8 27. Rb3
b6 28. axb6 Nxb6 29. b5 Be5 30. Rbb1 Kc7 31. Nd4 Bxd4 32. Rxd4 Nc4 33. g3 Kb6
34. Rdd1 Ra5 35. Kf1 Ra2 36. Ra1 Rb2 37. Kg1 Rxb5 38. Rab1 Rxb1 39. Rxb1+ Kc6
40. Kf1 Nd2+ 41. Ke2 Nxb1 42. Kd3 Kc5 43. f4 f6 44. h4 e5 45. f5 e4+ 46. Ke3 Kc4
47. g4 Nc3 48. g5 d4+ 49. Kf4 e3 50. gxf6 gxf6 51. h5 e2 52. Kg4 e1=Q 53. h6
Qe4+ 54. Kh5 Qxf5+ 55. Kh4 Qg5+ 56. Kh3 Ne2 57. Kh2 Qg3+ 58. Kh1 Qg1# 0-1

[Event "Haruka vs. Bluemofia (XIV)"]
[Site "http://www.queenalice.com/game.php?id=183273"]
[Date "2007.3.16"]
[Round "-"]
[White "Tenna"]
[Black "Bluemofia"]
[Result "1-0"]
[WhiteElo "1769"]
[BlackElo "1730"]

1. c4 e5 2. Nc3 Nf6 3. g3 g6 4. Bg2 Bc5 5. e4 d6 6. Nge2 Nc6 7. O-O Be6 8. d3
Qd7 9. Na4 Nd4 10. Nxc5 dxc5 11. f4 Bg4 12. Rf2 Nxe2+ 13. Rxe2 Bxe2 14. Qxe2 Qd6
15. fxe5 Qxe5 16. Bf4 Qe7 17. e5 Nd7 18. Bxb7 Rb8 19. Bc6 Qe6 20. Bd5 Qe7 21. b3
Nb6 22. Bc6+ Nd7 23. Re1 O-O 24. Qg4 Nb6 25. e6 fxe6 26. Rxe6 Qd8 27. Rxg6+ 1-0

[Event "Yeah, You And What Army...?"]
[Site "http://www.queenalice.com/game.php?id=183402"]
[Date "2007.3.17"]
[Round "-"]
[White "perple"]
[Black "Bluemofia"]
[Result "1/2-1/2"]
[WhiteElo "1902"]
[BlackElo "1705"]

1. d4 d5 2. c4 Nf6 3. Nf3 Bf5 4. Nc3 e6 5. Qb3 b6 6. Bg5 Be7 7. Bxf6 Bxf6 8.
cxd5 exd5 9. Nxd5 O-O 10. e3 Be6 11. Nxf6+ Qxf6 12. Bc4 Bxc4 13. Qxc4 c6 14. O-O
Nd7 15. Rad1 Rad8 16. d5 Nc5 17. e4 cxd5 18. exd5 Qxb2 19. Rd2 Qf6 20. Rfd1 Rd7
21. Nd4 Ne4 22. Re2 Nd6 23. Qb4 Nf5 24. Nxf5 Qxf5 25. Qe4 Qxe4 26. Rxe4 Rd6 27.
f4 f5 28. Re5 g6 29. Rde1 a5 30. Kf2 h5 31. h3 b5 32. Re6 Rxe6 33. dxe6 Re8 34.
Re5 Rb8 35. Ke3 Kg7 36. h4 a4 37. Kd3 b4 38. e7 Kf7 39. Kc4 b3 40. e8=Q+ Rxe8
41. Rxe8 Kxe8 42. axb3 axb3 43. Kxb3 Kd7 1/2-1/2

[Event "Bluemofia vs. Haruka (XV)"]
[Site "http://www.queenalice.com/game.php?id=188034"]
[Date "2007.3.26"]
[Round "-"]
[White "Bluemofia"]
[Black "Tenna"]
[Result "0-1"]
[WhiteElo "1716"]
[BlackElo "1835"]

1. e4 Nc6 2. Nf3 e5 3. Bc4 Nf6 4. d3 Bc5 5. Nc3 O-O 6. Bg5 a6 7. Qd2 Re8 8.
O-O-O b5 9. Bd5 Bb7 10. Be3 Bxe3 11. Qxe3 Nxd5 12. Nxd5 Ne7 13. Nxe7+ Qxe7 14.
Kb1 f6 15. Rhe1 d5 16. exd5 Bxd5 17. h4 c5 18. b3 Red8 19. c4 Bf7 20. g4 Be6 21.
g5 Bf5 22. gxf6 gxf6 23. Rg1+ Kh8 24. h5 Qd6 25. Ne1 e4 26. Rg3 Rab8 27. Kc1
bxc4 28. bxc4 Qe5 0-1

[Event "Haruka vs. Bluemofia (XVI)"]
[Site "http://www.queenalice.com/game.php?id=194511"]
[Date "2007.4.10"]
[Round "-"]
[White "Tenna"]
[Black "Bluemofia"]
[Result "1-0"]
[WhiteElo "1787"]
[BlackElo "1713"]

1. e4 e5 2. f4 d6 3. Nf3 f6 4. d4 Bg4 5. fxe5 dxe5 6. d5 Bd6 7. Be2 Nd7 8. O-O
Qe7 9. c4 Bc5+ 10. Kh1 Qd6 11. a3 Ne7 12. b4 Bd4 13. Nxd4 Bxe2 14. Nxe2 O-O 15.
Be3 b6 16. Qb3 Rab8 17. Nbc3 a6 18. Na4 c5 19. dxc6 Qxc6 20. Nxb6 Nxb6 21. Bxb6
Kh8 22. Be3 Qxe4 23. Ng3 Qc6 24. Rad1 Rfd8 25. Rxd8+ Rxd8 26. Bc5 Ng6 27. Rd1
Rd7 28. Rxd7 Qxd7 29. Ne4 Nf4 30. g3 Ne2 31. Be3 Qc6 32. Qd3 Nd4 33. Kg1 Ne6 34.
Nc5 Nf8 35. Qd8 Kg8 36. Nd7 Qd6 37. Bc5 Qd1+ 38. Kg2 Qe2+ 39. Bf2 Qe4+ 40. Kf1
Qb1+ 41. Ke2 Qc2+ 42. Kf3 Qf5+ 43. Ke3 Qg5+ 44. Ke4 Qg4+ 45. Kd5 Qe6+ 46. Kc5
Qxd7 47. Qxd7 Nxd7+ 48. Kc6 Nf8 49. b5 axb5 50. cxb5 Kf7 51. b6 Ke7 52. Bc5+ 1-0

[Event "Bluemofia vs. Haruka (XVII)"]
[Site "http://www.queenalice.com/game.php?id=208850"]
[Date "2007.5.10"]
[Round "-"]
[White "Bluemofia"]
[Black "Tenna"]
[Result "1-0"]
[WhiteElo "1700"]
[BlackElo "1765"]

1. e4 c5 2. Nf3 e6 3. d4 cxd4 4. Nxd4 Nc6 5. Nxc6 bxc6 6. Nc3 Bb4 7. Bd2 Nf6 8.
Bd3 O-O 9. e5 Bxc3 10. Bxc3 Nd5 11. Bd4 Qa5+ 12. c3 c5 13. Be3 Nxe3 14. fxe3 Rb8
15. Qd2 Ba6 16. O-O Bxd3 17. Qxd3 Rxb2 18. Qxd7 1-0